000 01258nam a22003617a 4500
003 CHAP
005 20220329135133.0
008 971013s1988 r 00010 d
010 _a31492
011 _a32464
035 _a36579
040 _cCHAP
090 _aTesis
100 0 0 _aMartínez Celis, J. Jesús.
_971915
245 _aMejoramiento convergente en líneas de maíz considerando rendimiento, adaptabilidad y calidad de semilla como criterios de selección
260 _aChapingo, Méx. :
_bEl autor,
_c1988
300 _a125 h
502 _aTesis (M.C. Esp. en Genética) -- CP. Centro de Genética
590 _aALEPH
_b10
_c20130110
_lUCH01
_h1253
590 _aBATCH-UPD
_b10
_c20130110
_lUCH01
_h1719
590 _aBATCH-UPD
_b10
_c20130410
_lUCH01
_h1103
590 _aBATCH-UPD
_b10
_c20130914
_lUCH01
_h1750
590 _aCONVERSION
_b10
_c20130109
_lUCH01
_h1318
650 1 4 _aMaíz
_xEfecto del medio ambiente.
_970935
650 1 4 _aMaíz
_xGenética.
_970963
650 1 4 _aMaíz
_xMejoramiento.
_971006
650 1 4 _aMaíz
_xSelección.
_971057
650 1 4 _aMaíz
_xSemilla.
_971059
901 _aBK
942 _cFOLL
949 _bBC
_cTES
_d-84302
_eTS1
_h20398
_i36579
_si
949 _bBC
_cTES
_d33724000667655
_eTS2
_fc.2
_h20399
_i36579
_si
999 _c31492
_d31492